000 00912nam a2200265 a 4500
001 1016
003 BR-CuiBMT
005 20231125233746.0
008 231125s2005 mtba 000 0 por d
020 _a8532701523
040 _aBR-CuiBMT
_cBR-CuiBMT
080 _22007
_a338.1
_x(81)
090 _a338.1(81)
_bG393
245 0 0 _aGestão pública e desenvolvimento econômico no Brasil :
_bperspectivas nacional e regional /
_cDirceu Grasel, Antônio Ricardo de Souza (organizadores).
260 _aCuiabá :
_bEDUFMT ;
_c2005
300 _a286 p. :
_bil. ;
_c22 cm
500 _aVários autores.
504 _aInclui bibliografia.
650 _aDesenvolvimento econômico
_zBrasil
650 _aGestão pública
_xCondições econômicas
_zBrasil
650 _aPolítica econômica
_zBrasil
700 1 _aGrasel, Dirceu,
_d1965-
_4org.
700 1 _aSouza, Antônio Ricardo de,
_d1962-
_4org.
942 _2udc
_cLV
999 _c1016
_d1016